Băng Nhi
Wedi'i Gadw mewn:
| Prif Awdur: | |
|---|---|
| Fformat: | Llyfr |
| Iaith: | Undetermined |
| Cyhoeddwyd: |
Hà Nội
Hội Nhà văn
2003
|
| Pynciau: | |
| Tagiau: |
Ychwanegu Tag
Dim Tagiau, Byddwch y cyntaf i dagio'r cofnod hwn!
|
| Thư viện lưu trữ: | Trung tâm Học liệu Trường Đại học Cần Thơ |
|---|
| LEADER | 00517nam a2200205Ia 4500 | ||
|---|---|---|---|
| 001 | CTU_93560 | ||
| 008 | 210402s9999 xx 000 0 und d | ||
| 020 | |c 20000 | ||
| 082 | |a 895.13 | ||
| 082 | |b Qu609 | ||
| 100 | |a Quỳnh Dao | ||
| 245 | 0 | |a Băng Nhi | |
| 245 | 0 | |c Quỳnh dao | |
| 260 | |a Hà Nội | ||
| 260 | |b Hội Nhà văn | ||
| 260 | |c 2003 | ||
| 650 | |a Chinese fiction | ||
| 650 | |y 20th century (vietnemese) | ||
| 904 | |i Trúc | ||
| 980 | |a Trung tâm Học liệu Trường Đại học Cần Thơ | ||